Statistics for Countries that never recorded temperatures below 0°C (32°F)

Click here to take the quiz!

General Stats

  • This quiz has been taken 161 times
    (101 since last reset)
  • The average score is 41 of 60

Answer Stats

Lowest ever recordedCountry% Correct
8,9°C (48°F)Republic of the Congo
80%
0,6°C (33,1°F)Malaysia
78%
18,2°C (64,8°F)Maldives
78%
2,8°C (37°F)Nigeria
78%
9,8°C (49,6°F)Togo
78%
0,6°C (33,1°F)Cuba
76%
18,9°C (66°F)Singapore
76%
8,5°C (47,3°F)Benin
75%
20,4°C (68,7°F)Nauru
75%
1,7°C (35,1°F)Bahamas
74%
13,9°C (57°F)Dominica
74%
1°C (33,8°F)Haiti
74%
15°C (59°F)Trinidad and Tobago
74%
18,9°C (66°F)Palau
73%
16°C (60,8°F)Saint Kitts and Nevis
73%
16,7°C (62,1°F)Saint Vincent and the Grenadines
73%
10°C (50°F)Gabon
72%
6,7°C (44,1°F)Ghana
72%
0,7°C (33,3°F)Jamaica
72%
4,4°C (40°F)Liberia
72%
13,3°C (55,9°F)Saint Lucia
72%
10,5°C (50,9°F)Samoa
72%
17,5°C (63,5°F)Seychelles
72%
4,4°C (40°F)The Gambia
72%
1,4°C (34,5°F)Guinea
71%
4,2°C (39,6°F)Senegal
71%
8,3°C (46,9°F)Tonga
71%
6°C (42,8°F)Cote d'Ivoire
69%
18,1°C (64,6°F)Federated States of Micronesia
69%
5°C (41°F)Sierra Leone
69%
19,5°C (67,1°F)Tuvalu
69%
5,6°C (42,1°F)Fiji
68%
18,3°C (64,9°F)Kiribati
68%
0,5°C (32,9°F)Mali
68%
20°C (68°F)Marshall Islands
68%
15,6°C (60,1°F)Solomon Islands
68%
15°C (59°F)Barbados
67%
3,1°C (37,6°F)Central African Republic
67%
13,7°C (56,7°F)Comoros
67%
8,5°C (47,3°F)Vanuatu
67%
8°C (46,4°F)Equatorial Guinea
66%
13°C (55,4°F)Grenada
66%
7°C (44,6°F)Guinea Bissau
66%
1°C (33,8°F)Mauritania
66%
18,4°C (65,1°F)Brunei
65%
6,5°C (43,7°F)Mauritius
65%
15,6°C (60,1°F)Antigua and Barbuda
62%
12,5°C (54,5°F)Djibouti
61%
8,7°C (47,7°F)Sao Tome and Principe
61%
4,2°C (39,6°F)South Sudan
60%
2,9°C (37,2°F)Burkina Faso
59%
1°C (33,8°F)Guyana
59%
14,3°C (57,7°F)Suriname
59%
5,7°C (42,3°F)Cambodia
58%
4°C (39,2°F)Belize
56%
5°C (41°F)Cape Verde
56%
1,5°C (34,7°F)Qatar
56%
1°C (33,8°F)Timor Leste
56%
1,1°C (34°F)Bangladesh
51%
5,5°C (41,9°F)Nicaragua
51%

Score Distribution

Percentile by Number Answered

Percent of People with Each Score

Your Score History

You have not taken this quiz since the last reset